ভাষা আন্দোলন ও অন্যান্য প্রসঙ্গ / (Record no. 9720)
[ view plain ]
| 000 -LEADER | |
|---|---|
| fixed length control field | 00726nam a2200229 a 4500 |
| 001 - CONTROL NUMBER | |
| JCCL Control Number | 9720 |
| 003 - CONTROL NUMBER IDENTIFIER | |
| JCCL marc code | BD-JhCC |
| 005 - DATE AND TIME OF LATEST TRANSACTION | |
| control field | 20180322185117.0 |
| 008 - FIXED-LENGTH DATA ELEMENTS--GENERAL INFORMATION | |
| fixed length control field | 180322s19781999bg |||| ||a| 000 0 b d |
| 020 ## - INTERNATIONAL STANDARD BOOK NUMBER | |
| International Standard Book Number | 9845600646 |
| 035 ## - SYSTEM CONTROL NUMBER | |
| system control number | (BD-JhCC)9720 |
| 040 ## - CATALOGING SOURCE | |
| Original cataloging agency | BD-JhCC |
| Modifying agency | BD-JhCC |
| 041 ## - LANGUAGE CODE | |
| Language code of Book | ben |
| 082 ## - DEWEY DECIMAL CLASSIFICATION NUMBER | |
| Classification number | 320.47 |
| Author mark and Year | UMR 1999 |
| 100 ## - MAIN ENTRY--PERSONAL NAME | |
| Personal name | উমর, বদরুদ্দীন |
| 245 ## - TITLE STATEMENT | |
| Title | ভাষা আন্দোলন ও অন্যান্য প্রসঙ্গ / |
| Statement of responsibility, etc | উমর বদরুদ্দীন |
| 260 ## - PUBLICATION, DISTRIBUTION, ETC. (IMPRINT) | |
| Place of publication, distribution, etc | ঢাকা: |
| Name of publisher, distributor, etc | জাতীয় গ্রন্থ প্রকাশন; |
| Date of publication, distribution, etc | 1999. |
| 300 ## - PHYSICAL DESCRIPTION | |
| Pagination | 79 p. : |
| Dimensions | 21 cm. |
| 651 ## - SUBJECT ADDED ENTRY--GEOGRAPHIC NAME | |
| Geographic name | Langguage Movement |
| 942 ## - ADDED ENTRY ELEMENTS (KOHA) | |
| Source of classification or shelving scheme | Dewey Decimal Classification |
| Koha item type | Books |
| Source of classification or shelving scheme | Damaged status | Not for loan | Home library | Current library | Shelving location | Date of accession | Cost, normal purchase price | Total Checkouts | Full call number | Barcode | Date last seen | Copy number | Koha item type |
|---|---|---|---|---|---|---|---|---|---|---|---|---|---|
| Dewey Decimal Classification | JCC Rouf Library | JCC Rouf Library | General Stacks | 03/22/2018 | 50.00 | 320.47 UMR 1999 | 12450 | 03/22/2018 | C - 1 | Books |